书目信息 |
| 题名: |
2017最美职工
|
|
| 作者: | ;中共中央宣传部宣传教育局 编 | |
| 分册: | ||
| 出版信息: | 北京 学习出版社 2017 |
|
| 页数: | 205页 | |
| 开本: | 24cm | |
| 丛书名: | ||
| 单 册: | ||
| 中图分类: | I253.3 | |
| 科图分类: | ||
| 主题词: | 新闻报道--作品集--中国--当代 , 工人--先进事迹--中国--现代 | |
| 电子资源: | ||
| ISBN: | 978-7-5147-0811-0 | |
| 000 | 00894nam0 2200241 450 | |
| 001 | 012001004721 | |
| 005 | 20140928162350.0 | |
| 010 | @a978-7-5147-0811-0@dCNY44.00 | |
| 100 | @a20180819d2017 em y0chiy50 ea | |
| 101 | 0 | @achi |
| 102 | @aCN@b110000 | |
| 105 | @aa z 000zy | |
| 106 | @ar | |
| 200 | 1 | @a2017最美职工@92017 zui mei zhi gong@f中共中央宣传部宣传教育局编 |
| 210 | @a北京@c学习出版社@d2017 | |
| 215 | @a205页@c彩照@d24cm | |
| 330 | @a本书收录了洪家光、李家琦、朱洪斌、张怀东、孙云毅、胡从柱、祝平辉、关改玉、农加贵和咸阳纺织集团有限公司一分厂纺部车间乙班赵梦桃小组等先进典型的先进事迹。 | |
| 606 | 0 | @a新闻报道@x作品集@y中国@z当代 |
| 606 | 0 | @a工人@x先进事迹@y中国@z现代 |
| 690 | @aI253.3@v5 | |
| 711 | 02 | @a中共中央宣传部宣传教育局@9zhong gong zhong yang xuan chuan bu xuan chuan jiao yu ju@4编 |
| 801 | 0 | @aCN@b上海新华@c20180901 |
| 905 | @b1171352-6@dI253.3@e1086@f5 | |
| 2017最美职工/中共中央宣传部宣传教育局编.-北京:学习出版社,2017 |
| 205页:彩照;24cm |
| ISBN 978-7-5147-0811-0:CNY44.00 |
| 本书收录了洪家光、李家琦、朱洪斌、张怀东、孙云毅、胡从柱、祝平辉、关改玉、农加贵和咸阳纺织集团有限公司一分厂纺部车间乙班赵梦桃小组等先进典型的先进事迹。 |
| ● |
| 相关链接 |
|
|
|
|
正题名:2017最美职工
索取号:I253.3/1086
 
预约/预借
| 序号 | 登录号 | 条形码 | 馆藏地/架位号 | 状态 | 备注 |
| 1 | 1171352 | 211713528 | 第一样本阅览室/ [索取号:I253.3/1086] | 在馆 | |
| 2 | 1171353 | 211713537 | 密集书库-文学院/ [索取号:I253.3/1086] | 在馆 | |
| 3 | 1171354 | 211713546 | 第二借阅区/ [索取号:I253.3/1086] | 在馆 | |
| 4 | 1171355 | 211713555 | 第二借阅区/ [索取号:I253.3/1086] | 在馆 | |
| 5 | 1171356 | 211713564 | 第二借阅区/ [索取号:I253.3/1086] | 在馆 |